00498nam a2200193Ia 4500003000900000008004100009040001300050040001300063041000800076100001800084245008300102250001200185260001200197260000900209300001100218300001000229490005800239490000700297IT-RoPAU120407s9999 xx 000 0 und d aIT-RoPAU cIT-RoPAU aita aPaul Wendland aLa cultura ellenistico-romana nei suoi rapporti con Giudaismo e Cristianesimo, aBrescia aPaideia c1986 a421 p. c23 cm aBiblioteca di storia e storiografia dei tempi biblici v12